| 000 | 00657nam a2200241Ia 4500 | ||
|---|---|---|---|
| 003 | OSt | ||
| 005 | 20221007071911.0 | ||
| 006 | a|||||r|||| 00| 0 | ||
| 007 | ta | ||
| 008 | 221006b |||||||| |||| 00| 0 eng d | ||
| 024 | _a5,629 | ||
| 037 | _cTextual | ||
| 040 |
_aFLL _cFLL _beng |
||
| 041 |
_2eng _aeng |
||
| 082 | _aY1:4511:61, K0 | ||
| 100 |
_aHavard J.D.J Au. _9689643 |
||
| 245 | 0 | _aDetection of secret homicide | |
| 260 |
_aLondon _bMacmillan & comp. London _c1960 |
||
| 300 |
_axv,253p _ccm. |
||
| 650 |
_aSecret homicide _9689644 |
||
| 942 |
_hY1:4511:61, K0 _cTEXL _2CC |
||
| 999 |
_c1144614 _d1144614 |
||